000 00698nam a2200241 i 4500
001 19462
003 ES-MaACL
005 20250407063101.0
007 t|
008 020902s2002 sp |||| | spa d
020 _a84-322-1892-8
080 _a821.131.1-31"19"
100 1 _aTamaro, Susanna,
_d1957-
_9109152
245 1 0 _aRespóndeme /
_cSusana Tamaro ; traducción del italiano por Justo Navarro.
250 _a1ª ed.
260 _aBarcelona :
_bSeix Barral,
_c2002.
300 _a221 p. ;
_c23 cm.
490 1 _aBiblioteca Formentor
700 1 _aNavarro, Justo.
_985077
830 0 _aBiblioteca Formentor
_9180387
852 _aES-MaACL
_jL-25896
999 _c19462
_d19462